000 02325cam a22005654i 4500
003 PE-LiUPU
005 20250731165444.0
008 161025s2010 ag a r 000 0 spa d
020 _a9789502309316
035 _a(Sirsi) a164571
040 _aPE-LiUPU
_bspa
_cPE-LiUPU
_erda
049 _aPRUA
082 0 4 _a001.891
_bS19 2010
100 1 _aSamaja, Juan,
_eautor.
245 1 0 _aEpistemología y metodología :
_belementos para una teoría de la investigación científica /
_cJuan Alfonso Samaja.
250 _a3a edición.
264 1 _aBuenos Aires :
_bEudeba,
_c2010.
300 _a414 páginas :
_bilustraciones ;
_c23 centímetros
336 _atext
_2rdacontent
337 _aunmediated
_2rdamedia
338 _avolume
_2rdacarrier
504 _aBibliografía : página 395-409.
505 0 _aEl proceso de investigación y sus dimensiones -- El producto del proceso de investsigación -- Matrices de datos:presupuestos básicos del método científico -- El análisis del proceso de investigación -- Las condiciones de realización del proceso de investigación.
526 _aSEG44
526 _aSEG26
526 _aP151
526 _aP150
526 _aP149
526 _aP146
526 _aP145
526 _aP126
526 _aP125
526 _aP92
526 _aP75
526 _aP74
526 _aP27
526 _aP15
541 _gF002-00000083;
650 0 4 _aInvestigación
_xMetodología.
650 0 4 _aCiencia
_xMetodología.
910 _atqv
_d20161025
910 _adbm
_bjpc
_cjpc
_d20171019
942 _2ddc
_cBOOK
949 _a001.891 S19 2010
_wDEWEY
_c1
_iFJ03311
_lCCODEBUJ1
_mBUJ
_p40.00
_r0
_sY
_tBOOK
_u2016-10-25
_xBIBLIOTECA
_zUNKOWN
_0COMPRA
_o.STAFF. Colección General Juliaca
994 _aC0
_bPEPRU
596 _a1 3
999 _a001.891 S19 2010
_wDEWEY
_c13377
_iFJ03311
_f2021-12-27
_g3
_lREPAIR
_mBUJ
_p40.00
_r0
_sY
_tBOOK
_u2018-6-20
_xSALUD
_zP33
_0COMPRA
_o.STAFF. Colección Ciencias de la Salud
_d13377
999 _a001.891 S19 2010
_wDEWEY
_c1
_i78785
_d2018-8-24
_f2021-11-4
_g4
_lCCODEBUL1
_mBUL
_p28.00
_q1
_r0
_sY
_tBOOK
_u2018-6-20
_xBIBLIOTECA
_PP33
_0COMPRA
_1FCOMPRA
_o.STAFF. Colección Ciencias de la Salud
980 _81
_gALBERTO SANCHEZ Responsable de Automatización